00462nam a2200145 i 450000100060000000300090000600500170001500700030003200800410003510000190007624501280009526000490022330000210027285200230029378575ES-MaACL20230906173741.0t|041015s1933 gw ||||1| ger d1 aHausen, Horts.14aDas Prèasidialkabinett b: eine staatsrechtliche Betrachtung der Kabinette von Brüning bis Hitler / cvon Horst Hausen. aErlangen : bVerlag von Palm & Euke, c1933. a75 p. ; c25 cm. aES-MaACLj1773-F-7